The lost world of classical legal thought : (Record no. 110468)

MARC details
000 -LEADER
campo de control de longitud fija 00781nam a2200229Ia 4500
001 - NÚMERO DE CONTROL
campo de control 50569
005 - FECHA Y HORA DE LA ÚLTIMA TRANSACCIÓN
campo de control 20230411090003.0
008 - DATOS DE LONGITUD FIJA--INFORMACIÓN GENERAL
campo de control de longitud fija 071227s1998 enk b 001 0 eng
035 ## - NÚMERO DE CONTROL DEL SISTEMA
Número de control de sistema (OCoLC)ocn185039443
040 ## - FUENTE DE CATALOGACIÓN
Centro catalogador/agencia de origen DRFGD
Centro/agencia transcriptor DRFGD
035 ## - NÚMERO DE CONTROL DEL SISTEMA
Número de control de sistema (OCoLC)185039443
049 ## - FONDOS LOCALES (OCLC)
Biblioteca depositaria GRAL
100 1# - ENTRADA PRINCIPAL--NOMBRE DE PERSONA
Nombre de persona Wiecek, William M.
Forma completa/desarrollada del nombre (William Michael),
Fechas asociadas al nombre 1938-
245 14 - MENCIÓN DEL TÍTULO
Título The lost world of classical legal thought :
Resto del título law and ideology in America, 1886-1937 /
Mención de responsabilidad, etc. William M. Wiecek.
260 ## - PUBLICACIÓN, DISTRIBUCIÓN, ETC.
Lugar de publicación, distribución, etc. Oxford :
Nombre del editor, distribuidor, etc. Oxford University Press,
Fecha de publicación, distribución, etc. 1998
300 ## - DESCRIPCIÓN FÍSICA
Extensión viii, 286 p. ;
Dimensiones 23 cm.
504 ## - NOTA DE BIBLIOGRAFÍA, ETC.
Nota de bibliografía, etc. Includes bibliographical references and index.
650 #0 - PUNTO DE ACCESO ADICIONAL DE MATERIA--TÉRMINO DE MATERIA
Término de materia o nombre geográfico como elemento de entrada Law
Subdivisión geográfica United States
Subdivisión general Philosophy
-- History.
650 #0 - PUNTO DE ACCESO ADICIONAL DE MATERIA--TÉRMINO DE MATERIA
Término de materia o nombre geográfico como elemento de entrada Jurisprudence
Subdivisión geográfica United States
Subdivisión general History.
942 ## - ELEMENTOS DE ENTRADA SECUNDARIOS (KOHA)
Fuente del sistema de clasificación o colocación Clasificación de Library of Congress
Tipo de ítem Koha
994 ## -
-- C0
-- DRFGD
Holdings
Estatus retirado Estado de pérdida Fuente del sistema de clasificación o colocación Estado de daño No para préstamo Colección Biblioteca de origen Biblioteca actual Ubicación en estantería Fecha de adquisición Código de barras Visto por última vez Copia número Tipo de ítem Koha
    Clasificación de Library of Congress     Automatización y Procesos Técnicos Biblioteca Juan Bosch Biblioteca Juan Bosch Automatización y Procesos Técnicos (1er. Piso) 11/04/2023 00000052281 17/02/2019 1